000
00213 a2200097 4500
020
_a
9781594375767
041
_a
spa
100
_a
Elivia Savadier
245
_a
Me Encantan los Saturdays y los Domingos
942
_c
BK
999
_c
26910
_d
26910